Normal view
MARC view
Entry Personal Name
001 - CONTROL NUMBER
- control field: 16828
003 - CONTROL NUMBER IDENTIFIER
- control field: dpl
005 - DATE AND TIME OF LATEST TRANSACTION
- control field: 20100826101550.0
008 - FIXED-LENGTH DATA ELEMENTS
- fixed length control field: 100826|||a|||||| | ||| d
040 ## - CATALOGING SOURCE
- Original cataloging agency: dpl
- Transcribing agency: dpl
100 ## - HEADING--PERSONAL NAME
- Personal name: Prashad, Vijay
670 ## - SOURCE DATA FOUND
- Source citation: Work cat.: (dpl)42983: Prashad, Vijay, The darker nations :, 2009
670 ## - SOURCE DATA FOUND
- Source citation: Work cat.: (dpl)42983: Prashad, Vijay, The darker nations :, 2009
